000 00428nam a2200181Ia 4500
001 13881
005 20260306164833.0
008 260306t2002||||xx |||||||||||||| ||spa||
041 _aESP
082 _a005.43
_bS54 2002
100 _aSilberschatz, Abraham
_eAUT
245 0 _aSistemas operativos
260 _c2002
300 _axx, 840 páginas :
_c24 cm.
650 _aGEN
654 _aCCC
942 _cLIB
_dJUS
_fJUS
_2ddc
_n
999 _c13881
_d13881